000 00581nam a2200193 i 4500
001 83727
003 ES-MaACL
005 20250316181857.0
007 t|
008 041118s1967 sp ||||1| spa d
100 1 _aIsherwood, Christopher.
_965565
245 1 0 _aAdios a Berlín /
_cChristopher Isherwood ; [traducción de Jaime Gil de Biedma].
250 _a[1ª ed.].
260 _aBarcelona :
_bSeix Barral,
_c[1967]
300 _a232 p. ;
_c20 cm.
700 0 _aGil de Biedma, Jaime,
_d1929-1990
_956787
852 _aES-MaACL
_jC-33537
_bR.64190
999 _c83727
_d83727